000
00284nam a2200109Ia 4500
008
220204s9999 xx 000 0 und d
082
_a
620(031)
_b
BLO
100
_a
Bloor, David
245
0
_a
Encyclopedia of advanced materials. 4 V.
260
_a
New York
_b
Pergamon
_c
1994
942
_c
BK
999
_c
40661
_d
40661